banner-ar

ذكريات د. محمد حبيب عن الحياة و الدعوة و السياسة و الفكر / (Record no. 62139)

MARC details
000 -الفاتح
حقل البيانات ثابتة الطول 00829nam a22002297a 4500
005 - وقت وتاريخ اخر تعامل مع التسجيلة
رقم الضبط 20240530110533.0
008 - عناصر البيانات ثابتة الطول - معلومات عامة
حقل البيانات ثابتة الطول 160326s2012 ua a f 000 0aara d
017 ## - رقم الايداع القانونى
رقم الايداع القانونى 2012/1680
المصدر ( الهيئة المختصة) مصر . دار الكتب المصرية
020 ## - الرقم الدولى المعيارى للكتب
الرقم الدولى المعيارى للكتاب 9789770931004
040 ## - مصدر الفهرسة
وكالة الفهرسة الأصلية EG-CaGPL
082 04 - رقم تصنيف ديوى العشرى
رقم الطبعة 21
رقم التصنيف 923.2
رقم المادة ق/م ذ
100 0# - المدخل الرئيسى - إسم شخصى
الإسم الشخصى محمد حبيب .
245 10 - بيان العنوان
العنوان ذكريات د. محمد حبيب عن الحياة و الدعوة و السياسة و الفكر /
بيان المسئوليه,etc محمد حبيب .
250 ## - بيان الطبعة
بيان الطبعة ط1.
260 ## - PUBLICATION, DISTRIBUTION, ETC. (IMPRINT)
تاريخ النشر أو التوزيع 2012 .
300 ## - الوصف المادى
التعداد 525 ص ؛
أبعاد الوعاء 24 سم .
600 0# - المدخل الاضافى بالموضوع-اسم شخصى
الإسم الشخصى محمد حبيب
التقسيم الفرعي الشكلي مذكرات .
600 0# - المدخل الاضافى بالموضوع-اسم شخصى
الإسم الشخصى محمد حبيب
التقسيم الفرعي الشكلي صور .
651 04 - المدخل الاضافى بالموضوع - اسم جغرافى
الاسم الجغرافي مصر
التقسيم الفرعي العام الاحوال السياسية .
942 ## - عناصر المدخل الإضافي( كوها)
مصدر التصنيف او مخطط الترفيف Dewey Decimal Classification
Koha [default] item type كتاب
260 ## - PUBLICATION, DISTRIBUTION, ETC. (IMPRINT)
-- القاهرة :
-- دار الشروق ،
Holdings
حالة التراجع حالة الفقد حالة تلف ليس للاعارة المكان المؤقت الموقع الحالى تاريخ الاكتساب اجمالي اﻻعارات رقم الطلب الباركود تاريخ اخر مشاهدة تاريخ تفعيل السعر نوع وعاء كوها
        مكتبة القاهرة الكبرى مكتبة القاهرة الكبرى 03/26/2016   923.2 ق/م ذ 161695 03/26/2016 03/26/2016 كتاب

Powered By

EGPV